Disciplinary, Moral, and Ascetical Works /
| Call Number: | Libro Electrónico |
|---|---|
| Main Author: | |
| Corporate Author: | |
| Format: | Electronic eBook |
| Language: | Inglés Latín |
| Published: |
Washington, D.C. :
Catholic University of America Press,
1959
|
| Series: | Fathers of the church ;
v. 40. Book collections on Project MUSE. |
| Subjects: | |
| Online Access: | Texto completo |
MARC
| LEADER | 00000cam a22000004a 4500 | ||
|---|---|---|---|
| 001 | musev2_20992 | ||
| 003 | MdBmJHUP | ||
| 005 | 20230905042236.0 | ||
| 006 | m o d | ||
| 007 | cr||||||||nn|n | ||
| 008 | 740221s1959 nyu o 00 0 eng d | ||
| 020 | |a 9780813211404 | ||
| 020 | |z 9780813200408 | ||
| 020 | |z 9780813215662 | ||
| 035 | |a (OCoLC)647923126 | ||
| 040 | |a MdBmJHUP |c MdBmJHUP | ||
| 041 | 1 | |a eng |h lat | |
| 050 | 0 | 4 | |a BR60.F3 |b T38 |
| 082 | 0 | |a 281.1 | |
| 100 | 1 | |a Tertullian, |d ca. 160-ca. 230. | |
| 245 | 1 | 0 | |a Disciplinary, Moral, and Ascetical Works / |c translated by Rudolph Arbesmann, Sister Emily Joseph Daly [and] Edwin A. Quain. |
| 264 | 1 | |a Washington, D.C. : |b Catholic University of America Press, |c 1959 | |
| 264 | 3 | |a Baltimore, Md. : |b Project MUSE, |c 2013 | |
| 264 | 4 | |c ©1959 | |
| 300 | |a 1 online resource (323 pages). | ||
| 336 | |a text |b txt |2 rdacontent | ||
| 337 | |a computer |b c |2 rdamedia | ||
| 338 | |a online resource |b cr |2 rdacarrier | ||
| 490 | 0 | |a Fathers of the Church, a new translation ; |v v. 40 | |
| 504 | |a Includes bibliographical references and index. | ||
| 505 | 0 | |a To the martyrs -- Spectacles -- The apparel of women -- Prayer -- Patience -- The chaplet -- Flight in time of persecution. | |
| 588 | |a Description based on print version record. | ||
| 650 | 0 | |a Theology |x Early works to 1800. | |
| 650 | 0 | |a Theology |x History |y Early church, ca. 30-600. | |
| 655 | 7 | |a Electronic books. |2 local | |
| 710 | 2 | |a Project Muse | |
| 710 | 2 | |a Project Muse. |e distributor | |
| 830 | 0 | |a Fathers of the church ; |v v. 40. | |
| 830 | 0 | |a Book collections on Project MUSE. | |
| 856 | 4 | 0 | |z Texto completo |u https://projectmuse.uam.elogim.com/book/20992/ |
| 945 | |a Project MUSE - Custom Collection | ||
| 945 | |a Project MUSE - Archive Complete Supplement | ||
| 945 | |a Project MUSE - Archive Philosophy and Religion Supplement | ||


